[Event "Kronborg Chess Open 2022 Master 1"]
[Site "Helsingor"]
[Date "2022.05.26"]
[Round "1"]
[White "Apol, Luitjen Akselsson"]
[Black "Moe, Mogens"]
[Result "1-0"]
[WhiteElo "2231"]
[BlackElo "2129"]
[PlyCount "79"]
[EventDate "2022.05.26"]
[EventType "tourn"]
[EventRounds "7"]
[EventCountry "DEN"]

1. e4 c5 2. Nf3 e6 3. g3 Nc6 4. Bg2 g6 5. d4 cxd4 6. Nxd4 a6 7. Nxc6 dxc6 8.
Qxd8+ Kxd8 9. e5 Kc7 10. O-O Bd7 11. Rd1 Ne7 12. c4 c5 13. Bxb7 Ra7 14. Bg2 Nc6
15. Nc3 Nd4 16. Bd2 Be7 17. Rab1 Bc6 18. Ne4 a5 19. Be3 Rd8 20. Rd2 Kb6 21.
Rbd1 Rad7 22. g4 Ba4 23. b3 Bc6 24. Kf1 h5 25. h3 hxg4 26. hxg4 Nc2 27. Bf4
Rxd2 28. Rxd2 Rxd2 29. Bxd2 Nb4 30. Nc3 Nd3 31. f4 g5 32. Bxc6 Kxc6 33. Ke2
Nxf4+ 34. Bxf4 gxf4 35. Kf3 Kd7 36. Kxf4 f6 37. Ne4 fxe5+ 38. Kxe5 Bf8 39. Kf6
Be7+ 40. Kf7 1-0

[Event "Kronborg Chess Open 2022 Master 1"]
[Site "Helsingor"]
[Date "2022.05.26"]
[Round "1"]
[White "Rydstrom, Tom"]
[Black "Skytte, Rasmus"]
[Result "1/2-1/2"]
[WhiteElo "2300"]
[BlackElo "2357"]
[PlyCount "46"]
[EventDate "2022.05.26"]
[EventType "tourn"]
[EventRounds "7"]
[EventCountry "DEN"]

1. e4 e6 2. d4 d5 3. Nc3 Nf6 4. e5 Ng8 5. Nf3 b6 6. a4 a6 7. a5 b5 8. Be3 Ne7
9. b4 Nec6 10. Na2 Nxb4 11. Nxb4 Bxb4+ 12. Bd2 Be7 13. Bd3 c5 14. dxc5 Nc6 15.
h4 Qc7 16. Qe2 Bxc5 17. O-O h6 18. Rfe1 Bd7 19. h5 Rc8 20. Rab1 Nxa5 21. Nh4
Nc4 22. Bf4 Qb6 23. Bg3 O-O 1/2-1/2

[Event "Kronborg Chess Open 2022 Master 1"]
[Site "Helsingor"]
[Date "2022.05.26"]
[Round "1"]
[White "Andersen, Soren Mikkel"]
[Black "Lilja, Richard"]
[Result "0-1"]
[WhiteElo "2149"]
[BlackElo "2144"]
[PlyCount "78"]
[EventDate "2022.05.26"]
[EventType "tourn"]
[EventRounds "7"]
[EventCountry "DEN"]

1. d4 g6 2. c4 Bg7 3. Nc3 Nf6 4. e4 d6 5. Nf3 O-O 6. Be2 Na6 7. O-O e5 8. Be3
Ng4 9. Bg5 Qe8 10. c5 exd4 11. Nxd4 dxc5 12. Nb3 Bxc3 13. bxc3 Qxe4 14. Bxa6
Qe5 15. f4 Qe3+ 16. Kh1 bxa6 17. Qe1 Bb7 18. Be7 Rfe8 19. Bxc5 Qh3 20. Qg3 Qxg3
21. hxg3 Re2 22. Rg1 Rd8 23. Bd4 Rd5 24. Be5 Nxe5 25. fxe5 Rdxe5 26. g4 R5e3
27. Kh2 Rxc3 28. Nd4 Rd2 29. Nb3 Rf2 30. Rac1 Rxc1 31. Nxc1 Bd5 32. Kg3 Rd2 33.
g5 Kg7 34. Kf4 Rxg2 35. Re1 Bxa2 36. Re7 Be6 37. Rxc7 Rg4+ 38. Ke5 Rxg5+ 39.
Kd6 h5 0-1

[Event "Kronborg Chess Open 2022 Master 1"]
[Site "Helsingor"]
[Date "2022.05.26"]
[Round "2"]
[White "Apol, Luitjen Akselsson"]
[Black "Frederic, Clement"]
[Result "1-0"]
[WhiteElo "2231"]
[BlackElo "2216"]
[PlyCount "79"]
[EventDate "2022.05.26"]
[EventType "tourn"]
[EventRounds "7"]
[EventCountry "DEN"]

1. e4 d6 2. d4 Nf6 3. Nc3 Nbd7 4. Nf3 e5 5. Bc4 Be7 6. a4 c6 7. a5 h6 8. O-O
Qc7 9. Qe2 Nf8 10. d5 Ng6 11. b4 Bg4 12. h3 cxd5 13. Nxd5 Nxd5 14. Bxd5 Be6 15.
Qb5+ Qd7 16. Qxd7+ Kxd7 17. Bxb7 Rab8 18. a6 Bd8 19. Be3 Bb6 20. Bxb6 axb6 21.
a7 Rxb7 22. a8=Q Rxa8 23. Rxa8 Ne7 24. Rd1 Kc7 25. Ra3 f6 26. Nd2 Nc6 27. c3
Na7 28. Nf1 Kd7 29. Rd3 Rc7 30. Ra1 Nb5 31. Rc1 Ke7 32. Kh2 Rc4 33. f3 Rc7 34.
Ne3 Rc8 35. Ra1 Bc4 36. Rd2 Ke6 37. Ra6 Bb3 38. Rxb6 Rxc3 39. Nf5 Nd4 40. Nxd4+
{Kd5} 1-0

[Event "Kronborg Chess Open 2022 Master 1"]
[Site "Helsingor"]
[Date "2022.05.26"]
[Round "2"]
[White "Larsen, Ole Bogh"]
[Black "Rydstrom, Tom"]
[Result "0-1"]
[WhiteElo "2277"]
[BlackElo "2300"]
[PlyCount "61"]
[EventDate "2022.05.26"]
[EventType "tourn"]
[EventRounds "7"]
[EventCountry "DEN"]

1. d4 g6 2. e4 Bg7 3. Nf3 d6 4. c3 Nd7 5. Bc4 e6 6. O-O Ne7 7. Re1 O-O 8. Nbd2
b6 9. a4 a6 10. Nf1 Bb7 11. h3 h6 12. N1h2 Kh7 13. Qd3 c5 14. Ng4 Qc7 15. Ba2
b5 16. Bf4 e5 17. Be3 f5 18. exf5 gxf5 19. dxe5 dxe5 20. Be6 Rad8 21. Bxh6 Bxh6
22. Nxh6 Kxh6 23. Nh4 e4 24. Qd2+ f4 25. Rad1 Ne5 26. Nf5+ Kh7 27. Nd6 Rf6 28.
Nxb5 Rxd2 29. Nxc7 Rxb2 30. Rd6 e3 31. fxe3 0-1

[Event "Kronborg Chess Open 2022 Master 1"]
[Site "Helsingor"]
[Date "2022.05.26"]
[Round "2"]
[White "Skytte, Rasmus"]
[Black "Andersen, Soren Mikkel"]
[Result "1-0"]
[WhiteElo "2357"]
[BlackElo "2149"]
[PlyCount "71"]
[EventDate "2022.05.26"]
[EventType "tourn"]
[EventRounds "7"]
[EventCountry "DEN"]

1. d4 d5 2. c4 c6 3. cxd5 cxd5 4. Bf4 Nc6 5. e3 Nf6 6. Nc3 a6 7. Be2 Bf5 8. Nf3
e6 9. Qb3 Bd6 10. Bxd6 Qxd6 11. Qxb7 O-O 12. Qb3 Rfb8 13. Qa3 Nb4 14. O-O Qb6
15. Ne1 a5 16. Rc1 Ne4 17. Na4 Qd8 18. Nf3 Nd6 19. b3 Nd3 20. Bxd3 Bxd3 21.
Rfe1 Be4 22. Nd2 Bg6 23. Rc6 Nf5 24. Rec1 Bh5 25. Qc5 h6 26. Nb6 Qg5 27. Nf1
Nh4 28. Ng3 Ra7 29. Rc8+ Rxc8 30. Qxc8+ Kh7 31. Qb8 Re7 32. Qd8 Bg6 33. f4 Qg4
34. Qxe7 Be4 35. Nd7 Nxg2 36. Nf6+ 1-0

[Event "Kronborg Chess Open 2022 Master 1"]
[Site "Helsingor"]
[Date "2022.05.26"]
[Round "2"]
[White "Moe, Mogens"]
[Black "Lilja, Richard"]
[Result "1/2-1/2"]
[WhiteElo "2129"]
[BlackElo "2144"]
[PlyCount "69"]
[EventDate "2022.05.26"]
[EventType "tourn"]
[EventRounds "7"]
[EventCountry "DEN"]

1. e4 d6 2. d4 Nf6 3. Nc3 g6 4. f4 Bg7 5. Nf3 c5 6. d5 O-O 7. Bc4 Bg4 8. O-O
Ne8 9. h3 Bxf3 10. Qxf3 Nd7 11. Re1 Nc7 12. Bd2 Nb6 13. Bf1 e6 14. Rad1 exd5
15. exd5 f5 16. b3 Qd7 17. a4 Rae8 18. Nb5 Nc8 19. Nxc7 Qxc7 20. Bb5 Rxe1+ 21.
Rxe1 a6 22. Bc4 Qf7 23. Re6 Re8 24. Be1 Nb6 25. Qe2 Kf8 26. Bh4 Nxc4 27. Qxc4
b5 28. axb5 axb5 29. Qe2 b4 30. Qc4 Qd7 31. Kh2 Kf7 32. Re2 Bh6 33. Kg3 Rxe2
34. Qxe2 Qe8 35. Qxe8+ 1/2-1/2

[Event "Kronborg Chess Open 2022 Master 1"]
[Site "Helsingor"]
[Date "2022.05.27"]
[Round "3"]
[White "Rydstrom, Tom"]
[Black "Apol, Luitjen Akselsson"]
[Result "1/2-1/2"]
[WhiteElo "2300"]
[BlackElo "2231"]
[PlyCount "138"]
[EventDate "2022.05.26"]
[EventType "tourn"]
[EventRounds "7"]
[EventCountry "DEN"]

1. e4 c5 2. Nf3 d6 3. d4 cxd4 4. Nxd4 Nf6 5. Nc3 a6 6. Bg5 Nbd7 7. Qe2 Qa5 8.
Bd2 g6 9. O-O-O Bg7 10. Kb1 O-O 11. f3 Qd8 12. Be3 Ne5 13. h3 b5 14. f4 Nc4 15.
e5 dxe5 16. fxe5 Nd5 17. Nxd5 Qxd5 18. Nf3 Qc6 19. Bd4 Bf5 20. g4 Be4 21. Bg2
Rac8 22. Rhe1 Bd5 23. e6 f6 24. Bh1 Nd6 25. g5 Ne4 26. gxf6 exf6 27. Qd3 Ng3
28. e7 Rfe8 29. Bc3 Be4 30. Nd4 Nxh1 31. Nxc6 Bxd3 32. Nb4 Nf2 33. Rd2 Ne4 34.
Rxd3 Nxc3+ 35. bxc3 f5 36. Nxa6 Bxc3 37. Re2 Kf7 38. Rd7 Bf6 39. Nc7 Rxe7 40.
Rexe7+ Bxe7 41. Nxb5 Ke6 42. Rd1 Rc4 43. c3 f4 44. Kc2 g5 45. Kb3 Re4 46. a4
Bc5 47. Nc7+ Kf5 48. Na6 Bb6 49. c4 f3 50. c5 Ba5 51. c6 f2 52. Rf1 Be1 53. c7
Re8 54. Kc4 Kf4 55. Kd5 Kf3 56. Kc6 Kg2 57. Kd7 Rg8 58. Rxf2+ Kxf2 59. Nc5 h5
60. Ne4+ Kg2 61. Nxg5 Rg7+ 62. Kc6 Rg8 63. Kd7 Bd2 64. h4 Rg7+ 65. Kc6 Rg8 66.
Kd7 Be1 67. Ne6 Kg3 68. c8=Q Rxc8 69. Kxc8 Kxh4 1/2-1/2

[Event "Kronborg Chess Open 2022 Master 1"]
[Site "Helsingor"]
[Date "2022.05.27"]
[Round "3"]
[White "Frederic, Clement"]
[Black "Moe, Mogens"]
[Result "0-1"]
[WhiteElo "2216"]
[BlackElo "2129"]
[PlyCount "126"]
[EventDate "2022.05.26"]
[EventType "tourn"]
[EventRounds "7"]
[EventCountry "DEN"]

1. e4 c5 2. Nf3 e6 3. c3 Nf6 4. d3 Nc6 5. g3 d5 6. Qe2 Be7 7. Bg2 O-O 8. O-O b6
9. e5 Nd7 10. h4 Qc7 11. Bf4 Ba6 12. Re1 b5 13. Nbd2 Nb6 14. h5 c4 15. d4 b4
16. Nf1 bxc3 17. bxc3 Na4 18. Rac1 Qa5 19. Qd2 Rab8 20. Rc2 Rb6 21. Bg5 Bxg5
22. Qxg5 h6 23. Qd2 Rfb8 24. g4 Ne7 25. g5 hxg5 26. Qxg5 Nf5 27. Ne3 Nh6 28.
Ng4 Kh7 29. Nxh6 gxh6 30. Qf4 R6b7 31. Nh2 Qd8 32. Ng4 Qg5 33. Nf6+ Kg7 34.
Qxg5+ hxg5 35. Re3 Rb1+ 36. Kh2 Rh8 37. Rg3 Kh6 38. Rh3 Nb2 39. Ng4+ Kg7 40.
Nf6 Nd3 41. Bf3 Bb5 42. Rg3 Kh6 43. Ng4+ Kg7 44. Nf6 Kh6 45. Ng4+ Kg7 46. Ne3
Kh6 47. Rd2 Nf4 48. Ng2 Nd3 49. Be2 Rc1 50. Bxd3 cxd3 51. Rb2 Bc4 52. Ne3 Rxc3
53. Ng4+ Kg7 54. Nf6 Kh6 55. Rb1 Rc2 56. Kh3 d2 57. Rbg1 Rc1 58. Rxg5 Rxg1 59.
Rxg1 Be2 60. f3 d1=Q 61. Ng4+ Kxh5 62. Nf6+ Kh6 63. Ng4+ Kg5+ 0-1

[Event "Kronborg Chess Open 2022 Master 1"]
[Site "Helsingor"]
[Date "2022.05.27"]
[Round "3"]
[White "Andersen, Soren Mikkel"]
[Black "Larsen, Ole Bogh"]
[Result "1-0"]
[WhiteElo "2149"]
[BlackElo "2277"]
[PlyCount "93"]
[EventDate "2022.05.26"]
[EventType "tourn"]
[EventRounds "7"]
[EventCountry "DEN"]

1. d4 Nf6 2. c4 g6 3. Nc3 d5 4. Nf3 Bg7 5. Qb3 dxc4 6. Qxc4 O-O 7. e4 Nc6 8.
Be2 Bg4 9. d5 Na5 10. Qa4 c6 11. e5 Bxf3 12. exf6 Bxg2 13. fxg7 Kxg7 14. Rg1
Bxd5 15. Qh4 Qb6 16. b4 Nc4 17. Bh6+ Kg8 18. Bxc4 Qxb4 19. Qd4 e5 20. Bxf8 Kxf8
21. Qe3 Bxc4 22. Rb1 Qa5 23. Rg4 Be6 24. Ra4 Qc7 25. Rxa7 Rb8 26. Qc5+ Kg8 27.
Qb6 Qd6 28. Rxb7 Rxb7 29. Qxb7 Qd4 30. Qa8+ Kg7 31. Qa5 Bc4 32. Rd1 Qf4 33. Qc5
Be6 34. Qxc6 Qxh2 35. Qf3 h5 36. Qg3 Qh1+ 37. Kd2 Qc6 38. Qxe5+ f6 39. Qd4 h4
40. Qxh4 Qd6+ 41. Kc2 Qa3 42. Qd4 Bf5+ 43. Kd2 Qb2+ 44. Ke3 Qb8 45. Nd5 Qe8+
46. Kd2 Qc6 47. Rc1 1-0

[Event "Kronborg Chess Open 2022 Master 1"]
[Site "Helsingor"]
[Date "2022.05.27"]
[Round "3"]
[White "Lilja, Richard"]
[Black "Skytte, Rasmus"]
[Result "0-1"]
[WhiteElo "2144"]
[BlackElo "2357"]
[PlyCount "76"]
[EventDate "2022.05.26"]
[EventType "tourn"]
[EventRounds "7"]
[EventCountry "DEN"]

1. e4 c5 2. Nc3 Nc6 3. Bb5 Nd4 4. Bc4 e6 5. Nf3 Nf6 6. O-O a6 7. d3 b5 8. Bb3
Nxf3+ 9. Qxf3 Bb7 10. Qe2 d6 11. Bg5 Be7 12. a4 c4 13. dxc4 b4 14. Bxf6 Bxf6
15. Nd1 Qa5 16. Rb1 O-O 17. f3 Rac8 18. Nf2 Qb6 19. Kh1 a5 20. Nd3 Ba6 21. e5
dxe5 22. f4 e4 23. Qxe4 Rfd8 24. Ne5 Bb7 25. Qe2 Qd4 26. Rbd1 Qxb2 27. Rxd8+
Rxd8 28. c5 Bxe5 29. fxe5 Qd4 30. c3 Qxc3 31. Qf2 Bxg2+ 32. Qxg2 Qxb3 33. c6
Qc3 34. Qe4 Rd4 35. Qg2 g6 36. Kg1 h5 37. h3 Rd2 38. c7 Rxg2+ 0-1

[Event "Kronborg Chess Open 2022 Master 1"]
[Site "Helsingor"]
[Date "2022.05.28"]
[Round "4"]
[White "Apol, Luitjen Akselsson"]
[Black "Andersen, Soren Mikkel"]
[Result "1-0"]
[WhiteElo "2231"]
[BlackElo "2149"]
[PlyCount "47"]
[EventDate "2022.05.26"]
[EventType "tourn"]
[EventRounds "7"]
[EventCountry "DEN"]

1. e4 c5 2. Nf3 d6 3. d4 cxd4 4. Nxd4 Nf6 5. Nc3 a6 6. Bg5 e6 7. f4 h6 8. Bh4
Qb6 9. Qd2 Qxb2 10. Nb3 Nbd7 11. Bxf6 gxf6 12. Be2 h5 13. O-O Qa3 14. Kh1 Nc5
15. Bf3 Nxb3 16. cxb3 Bd7 17. Rad1 O-O-O 18. Qd4 Be7 19. b4 d5 20. Rb1 dxe4 21.
Qxe4 Bc6 22. Qc4 Rd6 23. Rb3 b5 24. Qc5 1-0

[Event "Kronborg Chess Open 2022 Master 1"]
[Site "Helsingor"]
[Date "2022.05.28"]
[Round "4"]
[White "Frederic, Clement"]
[Black "Rydstrom, Tom"]
[Result "0-1"]
[WhiteElo "2216"]
[BlackElo "2300"]
[PlyCount "110"]
[EventDate "2022.05.26"]
[EventType "tourn"]
[EventRounds "7"]
[EventCountry "DEN"]

1. e4 e5 2. Nc3 Bc5 3. Nf3 d6 4. d4 exd4 5. Nxd4 Nf6 6. Bg5 h6 7. Bh4 c6 8. Nb3
Bb6 9. Qf3 a5 10. a4 Nbd7 11. O-O-O Ne5 12. Bxf6 gxf6 13. Qf4 Be6 14. Nd4 Bc5
15. Be2 Qe7 16. Qd2 O-O-O 17. f4 Nc4 18. Bxc4 Bxc4 19. Rhe1 Kb8 20. Qf2 Rhg8
21. Qf3 Qc7 22. Nf5 h5 23. g3 Rh8 24. Rd2 Qb6 25. Red1 Be6 26. Rd3 d5 27. Ne2
Qb4 28. Ne3 dxe4 29. Rxd8+ Rxd8 30. Rxd8+ Kc7 31. Qf2 Kxd8 32. Nc3 f5 33. Qe2
Qd4 34. Ned1 Bc4 35. Qd2 Ke7 36. Ne2 Qxd2+ 37. Kxd2 Bxe2 38. Kxe2 Bd4 39. c3
Bc5 40. b3 b5 41. Nb2 Ba3 42. Nd1 Ke6 43. Ne3 Bc5 44. Ng2 bxa4 45. bxa4 Kd5 46.
Nh4 Kc4 47. Nxf5 Kb3 48. h4 Kxa4 49. g4 hxg4 50. h5 Bf8 51. h6 Bxh6 52. Nxh6
Kb3 53. Nf5 a4 54. Kd2 a3 55. Kc1 a2 0-1

[Event "Kronborg Chess Open 2022 Master 1"]
[Site "Helsingor"]
[Date "2022.05.28"]
[Round "4"]
[White "Larsen, Ole Bogh"]
[Black "Lilja, Richard"]
[Result "1-0"]
[WhiteElo "2277"]
[BlackElo "2144"]
[PlyCount "81"]
[EventDate "2022.05.26"]
[EventType "tourn"]
[EventRounds "7"]
[EventCountry "DEN"]

1. e4 d6 2. d4 Nf6 3. Bd3 e5 4. c3 Be7 5. Nf3 O-O 6. Nbd2 Re8 7. O-O Bg4 8. Qb3
Bh5 9. Qxb7 Nbd7 10. Qb3 c5 11. dxe5 Nxe5 12. Nxe5 dxe5 13. Bb5 Rf8 14. Qc2 Rb8
15. a4 Qc8 16. Bc4 Rb6 17. f3 Ne8 18. Bd5 Bg5 19. Nc4 Bxc1 20. Raxc1 Rh6 21. b4
Nc7 22. Ne3 Nxd5 23. Nxd5 Kh8 24. Qf2 f5 25. Ne7 Qd8 26. Nxf5 Rc6 27. Rcd1 Qb6
28. b5 Re6 29. Rd5 Rc8 30. Rfd1 Bg6 31. Nd6 Rf8 32. Nc4 Qb8 33. Qxc5 Rc8 34.
Qxc8+ Qxc8 35. Rd8+ Re8 36. Rxc8 Rxc8 37. Nxe5 Be8 38. c4 g5 39. Rd5 Kg7 40. c5
h5 41. c6 1-0

[Event "Kronborg Chess Open 2022 Master 1"]
[Site "Helsingor"]
[Date "2022.05.28"]
[Round "4"]
[White "Moe, Mogens"]
[Black "Skytte, Rasmus"]
[Result "1/2-1/2"]
[WhiteElo "2129"]
[BlackElo "2357"]
[PlyCount "28"]
[EventDate "2022.05.26"]
[EventType "tourn"]
[EventRounds "7"]
[EventCountry "DEN"]

1. e4 c6 2. d4 d5 3. exd5 cxd5 4. c4 Nf6 5. Nc3 Nc6 6. Bg5 dxc4 7. Bxc4 h6 8.
Bxf6 exf6 9. Nge2 Bd6 10. O-O O-O 11. Qd3 a6 12. a3 Rb8 13. Bd5 Ne7 14. Ba2 Bf5
1/2-1/2

[Event "Kronborg Chess Open 2022 Master 1"]
[Site "Helsingor"]
[Date "2022.05.28"]
[Round "5"]
[White "Lilja, Richard"]
[Black "Apol, Luitjen Akselsson"]
[Result "0-1"]
[WhiteElo "2144"]
[BlackElo "2231"]
[PlyCount "58"]
[EventDate "2022.05.26"]
[EventType "tourn"]
[EventRounds "7"]
[EventCountry "DEN"]

1. e4 c5 2. Nc3 Nc6 3. Bb5 Nd4 4. Bc4 e6 5. Nf3 Nf6 6. O-O a6 7. d3 b5 8. Bb3
Nxf3+ 9. Qxf3 Bb7 10. Qe2 Qc7 11. e5 Ng8 12. Bf4 Ne7 13. Rfe1 Ng6 14. Bg3 h5
15. h3 h4 16. Bh2 Rc8 17. Rad1 Be7 18. Qg4 Qc6 19. a4 b4 20. Ne4 Rh6 21. Re3 f5
22. exf6 gxf6 23. Bxe6 dxe6 24. Nxf6+ Kf7 25. Rf3 Bxf6 26. Re1 Rg8 27. Re4 Ne5
28. Rxf6+ Rxf6 29. Qh5+ Ng6 0-1

[Event "Kronborg Chess Open 2022 Master 1"]
[Site "Helsingor"]
[Date "2022.05.28"]
[Round "5"]
[White "Andersen, Soren Mikkel"]
[Black "Frederic, Clement"]
[Result "0-1"]
[WhiteElo "2149"]
[BlackElo "2216"]
[PlyCount "70"]
[EventDate "2022.05.26"]
[EventType "tourn"]
[EventRounds "7"]
[EventCountry "DEN"]

1. d4 f5 2. c4 Nf6 3. g3 d6 4. Bg2 g6 5. Nf3 Bg7 6. O-O O-O 7. Nc3 Na6 8. b3
Qe8 9. Re1 c6 10. Ba3 Rb8 11. Rc1 h6 12. d5 g5 13. Nd4 c5 14. Ndb5 Bd7 15. Bb2
f4 16. e3 fxg3 17. hxg3 Ng4 18. f3 Ne5 19. Qe2 Qg6 20. Ne4 Nxf3+ 21. Bxf3 Bxb2
22. Rb1 Be5 23. g4 Bxg4 24. Bxg4 Qxe4 25. Nxa7 Rf6 26. Qg2 Qg6 27. Rf1 Rbf8 28.
Rbd1 h5 29. Bf3 g4 30. Be4 Qg5 31. Qe2 Qh4 32. Rxf6 Rxf6 33. Qg2 Bg3 34. Rd2
Bh2+ 35. Kh1 Bf4+ 0-1

[Event "Kronborg Chess Open 2022 Master 1"]
[Site "Helsingor"]
[Date "2022.05.28"]
[Round "5"]
[White "Rydstrom, Tom"]
[Black "Moe, Mogens"]
[Result "1-0"]
[WhiteElo "2300"]
[BlackElo "2129"]
[PlyCount "89"]
[EventDate "2022.05.26"]
[EventType "tourn"]
[EventRounds "7"]
[EventCountry "DEN"]

1. e4 c5 2. Nf3 e6 3. d4 cxd4 4. Nxd4 a6 5. Bd3 Qc7 6. O-O Nc6 7. Be3 Nf6 8.
Qe2 b5 9. a4 b4 10. Nd2 Be7 11. Kh1 Bb7 12. f4 h5 13. e5 Ng4 14. Bg1 d6 15.
Nxc6 Bxc6 16. Nc4 dxe5 17. fxe5 Bd5 18. Nb6 Rd8 19. Nxd5 Rxd5 20. Bxa6 O-O 21.
h3 Nxe5 22. Rfd1 Ng6 23. Rxd5 exd5 24. Bb5 h4 25. a5 Bc5 26. Bh2 Qa7 27. a6 Rd8
28. Bd3 Nf8 29. Qg4 Qe7 30. Bg1 d4 31. Bf2 Ra8 32. Bxh4 Qd6 33. Bg3 Qb6 34. h4
b3 35. cxb3 Qxb3 36. Qf3 Qxb2 37. Rb1 Qa3 38. Rb7 Qa2 39. Qf1 Qe6 40. Bc4 Qg4
41. Qxf7+ Kh7 42. Kh2 Kh6 43. Be2 Qg6 44. Bf4+ Kh7 45. Bd3 1-0

[Event "Kronborg Chess Open 2022 Master 1"]
[Site "Helsingor"]
[Date "2022.05.28"]
[Round "5"]
[White "Skytte, Rasmus"]
[Black "Larsen, Ole Bogh"]
[Result "1/2-1/2"]
[WhiteElo "2357"]
[BlackElo "2277"]
[PlyCount "49"]
[EventDate "2022.05.26"]
[EventType "tourn"]
[EventRounds "7"]
[EventCountry "DEN"]

1. d4 f5 2. Nc3 d5 3. Nf3 Nf6 4. Bf4 e6 5. e3 Be7 6. Nb5 Na6 7. c4 O-O 8. Nc3
Nb8 9. Qc2 c6 10. Bd3 Ne4 11. h3 Nd7 12. Ne5 Nxe5 13. Bxe5 Bd6 14. Bxd6 Qxd6
15. O-O Bd7 16. Ne2 b5 17. c5 Qc7 18. b4 a5 19. a4 axb4 20. axb5 cxb5 21. Qb2
Ra4 22. f3 Nc3 23. Nxc3 bxc3 24. Qxc3 Rfa8 25. Rab1 1/2-1/2

[Event "Kronborg Chess Open 2022 Master 1"]
[Site "Helsingor"]
[Date "2022.05.29"]
[Round "6"]
[White "Apol, Luitjen Akselsson"]
[Black "Skytte, Rasmus"]
[Result "0-1"]
[WhiteElo "2231"]
[BlackElo "2357"]
[PlyCount "140"]
[EventDate "2022.05.26"]
[EventType "tourn"]
[EventRounds "7"]
[EventCountry "DEN"]

1. e4 c5 2. Nf3 e6 3. g3 d5 4. exd5 exd5 5. d4 Nc6 6. Bg2 Nf6 7. O-O Be7 8. Be3
Ng4 9. Bf4 O-O 10. Nc3 Be6 11. h3 Nf6 12. Re1 h6 13. Be3 c4 14. Ne5 Bb4 15.
Nxc6 bxc6 16. Bf4 Qc8 17. Kh2 Rd8 18. Re2 Qa6 19. Nb1 Bf5 20. c3 Bf8 21. Nd2
Bd3 22. Re1 c5 23. Be5 Rac8 24. b3 cxd4 25. Bxd4 Bc5 26. Bxc5 Rxc5 27. Nf3 Ne4
28. bxc4 Nxf2 29. Qd2 Rxc4 30. Qxf2 Rxc3 31. Rac1 Rxc1 32. Rxc1 Be4 33. Rc7 Qb6
34. Qxb6 axb6 35. Nd4 Ra8 36. Bxe4 dxe4 37. Rc2 g6 38. g4 Ra4 39. Nb3 f5 40.
gxf5 gxf5 41. Kg3 Kf7 42. Kf4 Kg6 43. Rd2 Ra3 44. Rg2+ Kf6 45. h4 h5 46. Rc2
Ke6 47. Nd4+ Kd5 48. Nxf5 Rf3+ 49. Kg5 Ke5 50. Ne7 e3 51. Ng6+ Ke4 52. Rc8 Rf5+
53. Kh6 e2 54. Rc6 Kf3 55. Re6 Kf2 56. Ne5 Kf1 57. Nc4 e1=Q 58. Rxe1+ Kxe1 59.
Nxb6 Kf2 60. Kg6 Rb5 61. Nd7 Kg3 62. Nf6 Kxh4 63. a3 Rg5+ 64. Kh6 Rf5 65. Kg6
Ra5 66. Kh6 Rg5 67. a4 Rf5 68. Kg6 Ra5 69. Kh6 Rxa4 70. Kg6 Ra6 0-1

[Event "Kronborg Chess Open 2022 Master 1"]
[Site "Helsingor"]
[Date "2022.05.29"]
[Round "6"]
[White "Frederic, Clement"]
[Black "Lilja, Richard"]
[Result "1-0"]
[WhiteElo "2216"]
[BlackElo "2144"]
[PlyCount "45"]
[EventDate "2022.05.26"]
[EventType "tourn"]
[EventRounds "7"]
[EventCountry "DEN"]

1. e4 g6 2. d4 Bg7 3. Nc3 d6 4. f4 Nf6 5. a3 c5 6. dxc5 Qa5 7. b4 Qc7 8. Bb2
O-O 9. cxd6 exd6 10. Bd3 Bg4 11. Nge2 Qb6 12. h3 Bxe2 13. Qxe2 a5 14. Qf2 Qc7
15. O-O axb4 16. axb4 Nc6 17. Nd5 Nxd5 18. Bxg7 Nxf4 19. Bxf8 Rxa1 20. Rxa1
Nxd3 21. Qf6 Kxf8 22. Ra8+ Nb8 23. Rxb8+ 1-0

[Event "Kronborg Chess Open 2022 Master 1"]
[Site "Helsingor"]
[Date "2022.05.29"]
[Round "6"]
[White "Rydstrom, Tom"]
[Black "Andersen, Soren Mikkel"]
[Result "1-0"]
[WhiteElo "2300"]
[BlackElo "2149"]
[PlyCount "45"]
[EventDate "2022.05.26"]
[EventType "tourn"]
[EventRounds "7"]
[EventCountry "DEN"]

1. e4 c5 2. Nf3 d6 3. d4 cxd4 4. Nxd4 Nf6 5. Nc3 a6 6. Bg5 e6 7. Qe2 Be7 8. f4
h6 9. Bxf6 Bxf6 10. O-O-O Qa5 11. Qd2 O-O 12. Nb3 Qb4 13. Kb1 Nc6 14. Bd3 b5
15. g4 Bb7 16. h4 Bxc3 17. bxc3 Qa3 18. g5 h5 19. g6 fxg6 20. Rhg1 Rf6 21. Rg5
b4 22. cxb4 Nxb4 23. Ra5 1-0

[Event "Kronborg Chess Open 2022 Master 1"]
[Site "Helsingor"]
[Date "2022.05.29"]
[Round "6"]
[White "Moe, Mogens"]
[Black "Larsen, Ole Bogh"]
[Result "1/2-1/2"]
[WhiteElo "2129"]
[BlackElo "2277"]
[PlyCount "78"]
[EventDate "2022.05.26"]
[EventType "tourn"]
[EventRounds "7"]
[EventCountry "DEN"]

1. e4 e5 2. Nf3 Nc6 3. Bc4 Bc5 4. c3 Bb6 5. d4 Qe7 6. O-O d6 7. d5 Nb8 8. a4 a6
9. a5 Ba7 10. b4 Nf6 11. Qe2 h6 12. Nbd2 Nbd7 13. Nb3 g5 14. Be3 Nh5 15. Bxa7
Rxa7 16. g3 Ng7 17. Bd3 O-O 18. c4 Nf6 19. Rfc1 Nfh5 20. c5 f5 21. exf5 Bxf5
22. Nfd2 Raa8 23. Bxf5 Rxf5 24. Nd4 Rf7 25. Ne6 Nf6 26. cxd6 Qxd6 27. Nc4 Qxd5
28. Nxg7 Kxg7 29. Qxe5 Re8 30. Qb2 Kg8 31. Ne3 Qf3 32. Ra2 Ne4 33. Qe2 Nxf2 34.
Qxf3 Rxf3 35. Rxf2 Rfxe3 36. Rxc7 R8e7 37. Rxe7 Rxe7 38. Rf6 Kg7 39. Rb6 Rf7
1/2-1/2

[Event "Kronborg Chess Open 2022 Master 1"]
[Site "Helsingor"]
[Date "2022.05.29"]
[Round "7"]
[White "Skytte, Rasmus"]
[Black "Frederic, Clement"]
[Result "1/2-1/2"]
[WhiteElo "2357"]
[BlackElo "2216"]
[PlyCount "31"]
[EventDate "2022.05.26"]
[EventType "tourn"]
[EventRounds "7"]
[EventCountry "DEN"]

1. d4 f5 2. Bf4 Nf6 3. e3 e6 4. Nf3 g6 5. c4 Bg7 6. Nc3 d6 7. c5 O-O 8. cxd6
cxd6 9. Bc4 Kh8 10. h4 Nh5 11. Bg5 Qc7 12. Be2 h6 13. Nd2 hxg5 14. Bxh5 Qf7 15.
Be2 g4 16. Nb5 1/2-1/2

[Event "Kronborg Chess Open 2022 Master 1"]
[Site "Helsingor"]
[Date "2022.05.29"]
[Round "7"]
[White "Lilja, Richard"]
[Black "Rydstrom, Tom"]
[Result "1/2-1/2"]
[WhiteElo "2144"]
[BlackElo "2300"]
[PlyCount "42"]
[EventDate "2022.05.26"]
[EventType "tourn"]
[EventRounds "7"]
[EventCountry "DEN"]

1. e4 c5 2. Nc3 e6 3. f4 a6 4. g3 Nc6 5. Bg2 g6 6. Nf3 Bg7 7. d3 Nge7 8. O-O
O-O 9. Qe2 Nd4 10. Nxd4 cxd4 11. Nd1 d6 12. c4 Rb8 13. b3 b5 14. Kh1 Bd7 15.
Bb2 Qb6 16. g4 Rfe8 17. Qf2 f5 18. gxf5 exf5 19. Qg3 bxc4 20. bxc4 Qc5 21. Rc1
Qa5 1/2-1/2

[Event "Kronborg Chess Open 2022 Master 1"]
[Site "Helsingor"]
[Date "2022.05.29"]
[Round "7"]
[White "Andersen, Soren Mikkel"]
[Black "Moe, Mogens"]
[Result "0-1"]
[WhiteElo "2149"]
[BlackElo "2129"]
[PlyCount "54"]
[EventDate "2022.05.26"]
[EventType "tourn"]
[EventRounds "7"]
[EventCountry "DEN"]

1. d4 Nf6 2. c4 g6 3. Nc3 d5 4. Nf3 Bg7 5. Qb3 dxc4 6. Qxc4 O-O 7. e4 Nc6 8.
Be2 Bg4 9. d5 Na5 10. Qb4 Bxf3 11. Bxf3 c6 12. O-O cxd5 13. Nxd5 Nxd5 14. exd5
Rc8 15. Re1 Bf6 16. Bh6 Re8 17. d6 b6 18. Rad1 exd6 19. Bd5 Rxe1+ 20. Rxe1 Qd7
21. Qe4 Bg7 22. Bd2 Bf6 23. Rc1 Bxb2 24. Rxc8+ Qxc8 25. Qe7 Qf5 26. g3 Qxd5 27.
Bh6 Qa8 0-1